<?xml version="1.0" encoding="UTF-8"?>
<record
    xmlns:xsi="http://www.w3.org/2001/XMLSchema-instance"
    xsi:schemaLocation="http://www.loc.gov/MARC21/slim http://www.loc.gov/standards/marcxml/schema/MARC21slim.xsd"
    xmlns="http://www.loc.gov/MARC21/slim">

  <leader>01652cam a2200301   4500500</leader>
  <controlfield tag="005">20251228073410.0</controlfield>
  <datafield tag="041" ind1=" " ind2=" ">
    <subfield code="a">fre</subfield>
  </datafield>
  <datafield tag="042" ind1=" " ind2=" ">
    <subfield code="a">dc</subfield>
  </datafield>
  <datafield tag="100" ind1="1" ind2="0">
    <subfield code="a">Karsenti, Tiphaine</subfield>
    <subfield code="e">author</subfield>
  </datafield>
  <datafield tag="700" ind1="1" ind2="0">
    <subfield code="a">Mendelsohn, Sophie</subfield>
    <subfield code="e">author</subfield>
  </datafield>
  <datafield tag="245" ind1="0" ind2="0">
    <subfield code="a">Sarah Kane, 4.48 Psychose		  &#xC9;crire depuis la mort</subfield>
  </datafield>
  <datafield tag="260" ind1=" " ind2=" ">
    <subfield code="c">2004.
							</subfield>
  </datafield>
  <datafield tag="500" ind1=" " ind2=" ">
    <subfield code="a">58</subfield>
  </datafield>
  <datafield tag="520" ind1=" " ind2=" ">
    <subfield code="a">R&#xE9;sum&#xE9; Dans 4.48 Psychose, pi&#xE8;ce de th&#xE9;&#xE2;tre &#xE9;crite peu avant son suicide, Sarah Kane met en sc&#xE8;ne un personnage confront&#xE9; &#xE0; la psychose, qui tente d&#x2019;&#xE9;crire et de dire &#xE0; partir de la vie une mort qui a d&#xE9;j&#xE0; eu lieu. Dans un parall&#xE8;le avec la fonction de l&#x2019;&#xE9;criture pour Joyce telle qu&#x2019;elle a &#xE9;t&#xE9; analys&#xE9;e par Lacan, il s&#x2019;agit ici de s&#x2019;interroger sur ce qu&#x2019;est une &#xE9;criture qui ne parvient pas &#xE0; faire barrage au suicide.</subfield>
  </datafield>
  <datafield tag="520" ind1=" " ind2=" ">
    <subfield code="a">4.48 Psychosis is a play written shortly before the suicide of the author, Sarah Kane, a young British woman. Only one character is left here, confronted with the sufferings of psychosis, trying to write about life invaded by death. In contrast with Joyce, whose writing was analysed by Lacan as a way of escaping madness, the point here is to investigate written work which does not prevent suicide.</subfield>
  </datafield>
  <datafield tag="690" ind1=" " ind2=" ">
    <subfield code="a">&#xE9;&#xE2;tre</subfield>
  </datafield>
  <datafield tag="690" ind1=" " ind2=" ">
    <subfield code="a">&#xC9;criture</subfield>
  </datafield>
  <datafield tag="690" ind1=" " ind2=" ">
    <subfield code="a">psychose</subfield>
  </datafield>
  <datafield tag="690" ind1=" " ind2=" ">
    <subfield code="a">sinthome</subfield>
  </datafield>
  <datafield tag="690" ind1=" " ind2=" ">
    <subfield code="a">suicide</subfield>
  </datafield>
  <datafield tag="690" ind1=" " ind2=" ">
    <subfield code="a">psychosis</subfield>
  </datafield>
  <datafield tag="690" ind1=" " ind2=" ">
    <subfield code="a">sinthome</subfield>
  </datafield>
  <datafield tag="690" ind1=" " ind2=" ">
    <subfield code="a">suicide</subfield>
  </datafield>
  <datafield tag="690" ind1=" " ind2=" ">
    <subfield code="a">theatre</subfield>
  </datafield>
  <datafield tag="690" ind1=" " ind2=" ">
    <subfield code="a">Writing</subfield>
  </datafield>
  <datafield tag="786" ind1="0" ind2=" ">
    <subfield code="n">Savoirs et clinique | 5 | 2 | 2004-10-01 | p. 19-26 | 1634-3298</subfield>
  </datafield>
  <datafield tag="856" ind1="4" ind2="1">
    <subfield code="u">https://shs.cairn.info/revue-savoirs-et-cliniques-2004-2-page-19?lang=fr&amp;redirect-ssocas=7080</subfield>
  </datafield>
  <datafield tag="999" ind1=" " ind2=" ">
    <subfield code="c">1595172</subfield>
    <subfield code="d">1595172</subfield>
  </datafield>
</record>
